Saneczkarstwo - Najlepsze Kraje na IO w XXI wieku - Statystyki

Ogólne statystyki
  • Ten quiz został rozwiązany 24 razy
  • Średni wynik to 7 z 7
Statystyki odpowiedzi
🥇 🥈 🥉 Kraj % Poprawnych
3x 8x 4x Austria
100%
19x 10x 7x Niemcy
100%
4x - 6x Włochy
96%
- 1x 1x Kanada
92%
- 2x 3x Stany Zjednoczone
92%
- 2x 4x Łotwa
88%
- 3x 1x Rosja
83%
Nie znaleziono quizów pasujących do podanych kryteriów
Rozkład punktacji
Procent ludzi z każdym wynikiem
Percentyl według liczby udzielonych odpowiedzi
Twoja historia wyników
Nie rozwiązałeś tego quizu